The history of Phoenicia /

محفوظ في:

المؤلف الرئيسي: Elayi, Josette (مؤلف)

مؤلفون آخرون: Plummer, Andrew.

التنسيق: كتاب

اللغة: English
French

منشور في: Atlanta, GA : Lockwood Press, 2018.

الموضوعات:

الوسوم: إضافة وسم

لا توجد وسوم, كن أول من يضع وسما على هذه التسجيلة!

رقم الطلب: DS81 .E5313 2018

LEADER 00889namaa2200265 4500
003 OSt
005 20260212113857.0
008 130303s2018 gauab b 001 0 eng d
020 |a 9781937040819 
040 |c ARCE Library 
041 1 |a eng  |h fre 
050 4 |a DS81 .E5313 2018 
100 1 |a Elayi, Josette,   |e author  |9 29492 
240 1 0 |a Histoire de la Phénicie.  |l English 
245 1 4 |a The history of Phoenicia /  |c Josette Elayi ; translated from the French by Andrew Plummer. 
264 1 |a Atlanta, GA :  |b Lockwood Press,  |c 2018. 
300 |a x, 314 pages :  |b illustrations, maps ;  |c 23 cm. 
500 |a Translation of : Histoire de la Phénicie. 
504 |a Includes bibliographical references (pages 299-304) and index. 
650 0 |a Phoenicians  |x History. 
651 0 |a Phoenicia  |x History. 
700 1 |a Plummer, Andrew.  |9 37722 
901 |a reviewed 
942 |c BK  |2 lcc 
999 |c 622  |d 622